| 000 | 00860nam a22001935i 4500 | ||
|---|---|---|---|
| 001 | 158721 | ||
| 003 | ES-MaACL | ||
| 005 | 20230906211301.0 | ||
| 008 | 040903s1857 fr |||| | fre d | ||
| 040 |
_aCAM _bspa _cCAM |
||
| 100 | 1 |
_aMarès, P. _9129671 |
|
| 245 | 1 | 0 |
_a[Observations de Météorologie et d'Histoire naturelle, faites dans le sud de la province d'Oran / _cpar P. Marès]. |
| 260 |
_aParis : _b[s.n., _c1857?] ( _fImprimerie de Mallet-Bachelier) |
||
| 300 |
_a3 p. ; _c27 cm. |
||
| 500 | _aExtrait des Comptes rendus des séances de l'Academie des Sciences, tome XLV, séance du 6 juillet 1857. | ||
| 594 | _aTit. tomado de comienzo de texto, precediéndole: Institut Impérial de France, Académie des Sciences. | ||
| 596 | _aPie de imp. tomado de colofón. | ||
| 852 |
_aES-MaACL _jT-1088-F-7 _z-- Enc. hol. _z-- Enc. en un vol. facticio |
||
| 999 |
_c158721 _d158721 |
||